Physiology workbook (Record no. 32395)

MARC details
000 -LEADER
fixed length control field 00553nam a2200157 a 4500
008 - FIXED-LENGTH DATA ELEMENTS--GENERAL INFORMATION
fixed length control field 150824s1982 ||||||||||||||||| || u
020 ## - INTERNATIONAL STANDARD BOOK NUMBER
International Standard Book Number 0409086312
050 ## - LIBRARY OF CONGRESS CALL NUMBER
Classification number QP 34.5 Oos
100 ## - MAIN ENTRY--PERSONAL NAME
Personal name Oosthuizen, S
245 10 - TITLE STATEMENT
Title Physiology workbook
Statement of responsibility, etc. by S. Oosthuizen
260 ## - PUBLICATION, DISTRIBUTION, ETC.
Place of publication, distribution, etc. Durban
Name of publisher, distributor, etc. Butterworth
Date of publication, distribution, etc. 1982
300 ## - PHYSICAL DESCRIPTION
Extent 166p. :ill.
350 ## -
-- 25.02
650 ## - SUBJECT ADDED ENTRY--TOPICAL TERM
Topical term or geographic name entry element PHYSIOLOGY
995 ## -
-- MEDICAL LIBRARY OPEN ACCESS
-- 903071
-- CBU-SCHOOL OF MEDICINE LIBRARY (Ndola)
-- 25.02
-- QP 34.5 Oos
-- 1
-- AVAILABLE
-- Sep 7, 2015
-- 903071
-- Medical Library Open Access Collection
999 ## -
-- 32395
-- 32395
Holdings
Withdrawn status Lost status Source of classification or shelving scheme Damaged status Not for loan Permanent Location Current Location Shelving location Date acquired Total Checkouts Full call number Barcode Date last seen Price effective from Koha item type
          CBU-SCHOOL OF MEDICINE LIBRARY, NDOLA. CBU-SCHOOL OF MEDICINE LIBRARY, NDOLA.   11/30/2022   QP 34.5 Oos 903071 11/30/2022 11/30/2022 MONOGRAPH